[Event "SLO-ch 23rd"]
[Site "Sentjur"]
[Date "2013.04.13"]
[Round "8"]
[White "Leonardi, Caterina"]
[Black "Volcansek, Joze"]
[Result "1-0"]
[WhiteElo "1873"]
[BlackElo "1669"]
[PlyCount "65"]
[EventDate "2013.04.06"]
[EventType "swiss"]
[EventRounds "9"]
[EventCountry "SLO"]
[SourceTitle "CBM 153 Extra"]
[Source "ChessBase"]
[SourceDate "2013.04.22"]
[SourceVersion "1"]
[SourceVersionDate "2013.04.22"]
[SourceQuality "1"]

1. d4 d5 2. c4 e6 3. Nc3 Nf6 4. cxd5 exd5 5. Nf3 Be7 6. Bg5 c6 7. e3 Bf5 8. h3 Ne4 9. Nxe4 Bxe4 10. Bf4 Bxf3 11. Qxf3 Bb4+ 12. Kd1 Nd7 13. Qg3 g6 14. h4 Nf6 15. Bg5 Be7 16. Qe5 0-0 17. h5 Ne4 18. Bxe7 Qa5 19. Kc2 Qd2+ 20. Kb3 Qxf2 21. Qf4 Qxf4 22. exf4 Rfe8 23. Bb4 a5 24. Be1 c5 25. dxc5 Nxc5+ 26. Kc2 Rac8 27. Rd1 Ne6+ 28. Kb1 Nxf4 29. hxg6 fxg6 30. Bxa5 d4 31. Rxd4 Ne2 32. Bxe2 Rxe2 33. g4 1-0

[Event "SLO-ch 23rd"]
[Site "Sentjur"]
[Date "2013.04.08"]
[Round "3"]
[White "Trplan, Filip"]
[Black "Volcansek, Joze"]
[Result "0-1"]
[WhiteElo "1324"]
[BlackElo "1669"]
[PlyCount "82"]
[EventDate "2013.04.06"]
[EventType "swiss"]
[EventRounds "9"]
[EventCountry "SLO"]
[SourceTitle "CBM 153 Extra"]
[Source "ChessBase"]
[SourceDate "2013.04.22"]
[SourceVersion "1"]
[SourceVersionDate "2013.04.22"]
[SourceQuality "1"]

1. e4 b6 2. d4 Bb7 3. Nc3 e6 4. Nf3 Nf6 5. Bd3 Bb4 6. Qe2 d5 7. e5 Ne4 8. Bxe4 dxe4 9. Nd2 Qxd4 10. f4 Bxc3 11. bxc3 Qxc3 12. Rb1 e3 13. Rb3 exd2+ 14. Bxd2 Qa1+ 15. Qd1 Qxd1+ 16. Kxd1 Bxg2 17. Rg1 Bd5 18. Rb2 Bf3+ 19. Ke1 g6 20. Kf2 Be4 21. Ke3 Bf5 22. Rd1 Nd7 23. Be1 Nc5 24. Bh4 0-0 25. Bf6 Na4 26. Rb4 Nc3 27. Rd7 Nd5+ 28. Rxd5 exd5 29. Rd4 Be4 30. c3 c5 31. Rd2 b5 32. Rb2 Rab8 33. Be7 Rfc8 34. Bd6 Rb6 35. h4 h5 36. Ke2 a5 37. a4 b4 38. cxb4 cxb4 39. Ke3 Rc3+ 40. Kd4 Rbc6 41. Rc2 R6c4# 0-1

[Event "SLO-ch U20 qual"]
[Site "Otocec"]
[Date "2010.07.11"]
[Round "9"]
[White "Volcansek, Joze"]
[Black "Zunec, Nives"]
[Result "1-0"]
[WhiteElo "1783"]
[BlackElo "1565"]
[PlyCount "73"]
[EventDate "2010.07.06"]
[EventType "swiss"]
[EventRounds "9"]
[EventCountry "SLO"]
[SourceTitle "EXT 2012"]
[Source "ChessBase"]
[SourceDate "2011.11.24"]
[SourceVersion "1"]
[SourceVersionDate "2011.11.24"]
[SourceQuality "1"]

1. d4 d5 2. Nf3 c6 3. g3 Nf6 4. Bg2 a6 5. 0-0 b5 6. b3 e6 7. Bb2 Bd6 8. Nbd2 0-0 9. h3 Nbd7 10. Ne5 Qc7 11. f4 Be7 12. g4 Nxe5 13. dxe5 Nd7 14. e4 Bb7 15. c4 Nb6 16. exd5 exd5 17. cxd5 Nxd5 18. Bxd5 cxd5 19. Nf3 Qb6+ 20. Bd4 Qh6 21. g5 Qxh3 22. Kf2 Rac8 23. Qd3 Qd7 24. f5 Bc5 25. Rh1 Bxd4+ 26. Nxd4 b4 27. Qh3 h6 28. Rag1 Ba8 29. gxh6 g6 30. Qh4 Qd8 31. h7+ Kh8 32. Qh6 Qb6 33. Rh4 Rc2+ 34. Kg3 Qc5 35. Rf1 Qc3+ 36. Nf3 Rc8 37. f6 1-0

[Event "SLO-ch U20 qual"]
[Site "Otocec"]
[Date "2010.07.10"]
[Round "8"]
[White "Rifelj, Luka"]
[Black "Volcansek, Joze"]
[Result "1-0"]
[WhiteElo "1805"]
[BlackElo "1783"]
[PlyCount "145"]
[EventDate "2010.07.06"]
[EventType "swiss"]
[EventRounds "9"]
[EventCountry "SLO"]
[SourceTitle "EXT 2012"]
[Source "ChessBase"]
[SourceDate "2011.11.24"]
[SourceVersion "1"]
[SourceVersionDate "2011.11.24"]
[SourceQuality "1"]

1. d4 Nf6 2. c4 c5 3. d5 b5 4. cxb5 a6 5. b6 Qxb6 6. Nc3 d6 7. e4 g6 8. Nf3 Bg7 9. Be2 0-0 10. Nd2 Nbd7 11. Nc4 Qc7 12. 0-0 Nb6 13. Ne3 Nfd7 14. f4 Bd4 15. Kh1 Bb7 16. a4 Rae8 17. a5 Nc8 18. Nc2 Bg7 19. Ne3 e6 20. Bc4 Kh8 21. Qb3 Qb8 22. dxe6 fxe6 23. Bxe6 c4 24. Qxc4 Nc5 25. Bd5 Bxd5 26. Nexd5 Nb3 27. Ra4 Nxc1 28. Rb4 Qa7 29. Rxc1 Rf7 30. Rf1 h5 31. Nb6 Rc7 32. Qd3 Kh7 33. f5 Be5 34. fxg6+ Kxg6 35. Nxc8 Rexc8 36. Rb6 Rf7 37. Rxf7 Qxf7 38. Qf3 Qxf3 39. gxf3 Kg5 40. Nd5 Rc1+ 41. Kg2 Rc2+ 42. Kf1 Rxh2 43. Kg1 Rd2 44. Rb8 Kg6 45. f4 Bxb2 46. Re8 Ba3 47. Re6+ Kf7 48. f5 Rc2 49. Re7+ Kf8 50. Rh7 Bb2 51. Rxh5 Rc5 52. f6 Rxa5 53. Rh7 Rxd5 54. exd5 Bxf6 55. Kf1 Bg7 56. Rh3 a5 57. Ra3 Ke7 58. Ke2 Bd4 59. Rxa5 Kd7 60. Kd3 Bc5 61. Kc4 Kc7 62. Ra2 Kb6 63. Rb2+ Ka6 64. Rb8 Be3 65. Rc8 Bf4 66. Rc6+ Kb7 67. Kd3 Bg3 68. Ke4 Be5 69. Kf5 Bg3 70. Ke6 Bf4 71. Kd7 Bg3 72. Rxd6 Bxd6 73. Kxd6 1-0

[Event "SLO-ch U20 qual"]
[Site "Otocec"]
[Date "2010.07.09"]
[Round "6"]
[White "Brcar, Ales"]
[Black "Volcansek, Joze"]
[Result "1-0"]
[WhiteElo "1923"]
[BlackElo "1783"]
[PlyCount "91"]
[EventDate "2010.07.06"]
[EventType "swiss"]
[EventRounds "9"]
[EventCountry "SLO"]
[SourceTitle "EXT 2012"]
[Source "ChessBase"]
[SourceDate "2011.11.24"]
[SourceVersion "1"]
[SourceVersionDate "2011.11.24"]
[SourceQuality "1"]

1. e4 e6 2. d4 d5 3. Nd2 Nf6 4. e5 Nfd7 5. Bd3 c5 6. c3 Nc6 7. Ne2 cxd4 8. cxd4 f5 9. exf6 Nxf6 10. Nf3 Bb4+ 11. Bd2 Qd6 12. 0-0 Bxd2 13. Qxd2 0-0 14. Qf4 Qxf4 15. Nxf4 Ne4 16. Ne2 Nd6 17. Rac1 Nf7 18. Bb5 Bd7 19. Rc5 a6 20. Bxc6 Bxc6 21. Re1 g5 22. Nc1 g4 23. Ne5 Nxe5 24. Rxe5 Rf4 25. Ne2 Re4 26. Rxe4 dxe4 27. Rg5+ Kf7 28. Rxg4 Rd8 29. h4 e5 30. dxe5 Rd1+ 31. Kh2 Rd2 32. Nc3 Rxf2 33. Nxe4 Rxb2 34. Ng5+ Kg6 35. Nf3+ Kf7 36. Nd4 Bd5 37. a3 Rd2 38. h5 Bxg2 39. e6+ Kf8 40. Kg3 Bd5 41. Kh4 Rh2+ 42. Kg5 Rg2 43. Rxg2 Bxg2 44. Kf6 Be4 45. e7+ Ke8 46. Ne6 1-0

[Event "SLO-ch qual"]
[Site "Ljubljana"]
[Date "2007.07.14"]
[Round "9"]
[White "Skok, Joze"]
[Black "Volcansek, Joze"]
[Result "1-0"]
[WhiteElo "2058"]
[BlackElo "1850"]
[PlyCount "77"]
[EventDate "2007.07.05"]
[EventType "swiss"]
[EventRounds "9"]
[EventCountry "SLO"]
[SourceTitle "EXT 2010"]
[Source "ChessBase"]
[SourceDate "2010.11.25"]
[SourceVersion "1"]
[SourceVersionDate "2010.11.25"]
[SourceQuality "1"]

1. e4 c5 2. c3 d5 3. exd5 Qxd5 4. d4 Nf6 5. Nf3 cxd4 6. cxd4 e6 7. Nc3 Bb4 8. Bd3 0-0 9. 0-0 Qh5 10. h3 Nc6 11. Qe2 h6 12. a3 Bxc3 13. bxc3 Re8 14. Re1 b6 15. Bb5 Bb7 16. c4 Red8 17. Bb2 Na5 18. Ne5 Qxe2 19. Rxe2 Rac8 20. Bc3 a6 21. Bxa5 bxa5 22. Ba4 Rxd4 23. Rb1 Re4 24. Rxe4 Bxe4 25. Rb6 Rc5 26. Rb8+ Kh7 27. Nxf7 Kg6 28. Nd6 Bd3 29. Rb3 Bf5 30. Re3 h5 31. Rg3+ Kh7 32. Re3 Kg6 33. f3 h4 34. Kf2 Kh7 35. Re2 Nh5 36. Bc2 Ng3 37. Rd2 Re5 38. Bxf5+ exf5 39. f4 1-0

[Event "SLO-ch qual"]
[Site "Ljubljana"]
[Date "2007.07.07"]
[Round "4"]
[White "Rifelj, Luka"]
[Black "Volcansek, Joze"]
[Result "1-0"]
[WhiteElo "1542"]
[BlackElo "1850"]
[PlyCount "130"]
[EventDate "2007.07.05"]
[EventType "swiss"]
[EventRounds "9"]
[EventCountry "SLO"]
[SourceTitle "EXT 2010"]
[Source "ChessBase"]
[SourceDate "2010.11.25"]
[SourceVersion "1"]
[SourceVersionDate "2010.11.25"]
[SourceQuality "1"]

1. e4 c5 2. Nf3 e6 3. d4 cxd4 4. Nxd4 a6 5. Bd3 Nc6 6. Be3 Nf6 7. 0-0 d6 8. c4 Bd7 9. Nc3 Be7 10. Kh1 Qc7 11. Rc1 Ne5 12. Be2 0-0 13. b3 Rfe8 14. g4 Bc6 15. f3 Qa5 16. Rc2 Ng6 17. Qe1 Kh8 18. Qf2 Qd8 19. h4 Nd7 20. g5 Bf8 21. Rg1 e5 22. Nf5 Nf4 23. Bxf4 exf4 24. Qh2 g6 25. Nd4 Bg7 26. Nxc6 bxc6 27. Qxf4 Qe7 28. Bf1 Bd4 29. Rgg2 Qe5 30. Qg4 f5 31. f4 Qg7 32. Qf3 Bxc3 33. Rxc3 Rxe4 34. Rd2 Rae8 35. Rcd3 Qa1 36. Kh2 Qe1 37. Qf2 Nc5 38. Rxd6 R8e6 39. Rd8+ Kg7 40. Bg2 Re3 41. Qxe1 Rxe1 42. b4 Na4 43. Bxc6 Nc3 44. a3 R1e2+ 45. Bg2 Rxd2 46. Rxd2 Ne2 47. Bf3 Nxf4 48. Kg3 Nh5+ 49. Bxh5 gxh5 50. Rd3 h6 51. gxh6+ Kxh6 52. c5 Re4 53. Rd6+ Kg7 54. Rxa6 Rg4+ 55. Kh3 f4 56. Ra7+ Kg6 57. Ra8 Kg7 58. c6 f3 59. c7 f2 60. Rg8+ Kf7 61. Rf8+ Kxf8 62. c8Q+ Kg7 63. Qxg4+ hxg4+ 64. Kg2 g3 65. b5 Kf6 1-0

[Event "SLO-ch qual"]
[Site "Ljubljana"]
[Date "2007.07.05"]
[Round "1"]
[White "Kersic, Matej"]
[Black "Volcansek, Joze"]
[Result "1/2-1/2"]
[WhiteElo "2161"]
[BlackElo "1850"]
[PlyCount "106"]
[EventDate "2007.07.05"]
[EventType "swiss"]
[EventRounds "9"]
[EventCountry "SLO"]
[SourceTitle "EXT 2010"]
[Source "ChessBase"]
[SourceDate "2010.11.25"]
[SourceVersion "1"]
[SourceVersionDate "2010.11.25"]
[SourceQuality "1"]

1. e4 c5 2. Nf3 e6 3. c4 Nc6 4. Nc3 a6 5. Be2 Qc7 6. 0-0 Nf6 7. d4 cxd4 8. Nxd4 d6 9. Be3 Bd7 10. Rc1 Ne5 11. f4 Ng6 12. Qd2 Be7 13. b4 0-0 14. Nb3 b6 15. Bf3 Nh4 16. Be2 Ng6 17. g3 d5 18. cxd5 Bxb4 19. Qd4 Bxc3 20. Rxc3 Qb7 21. Bf3 Rac8 22. Rfc1 Rxc3 23. Rxc3 Rc8 24. Qxb6 Qxb6 25. Rxc8+ Bxc8 26. Bxb6 exd5 27. e5 Ne4 28. Nc5 f5 29. exf6 Nxf6 30. Be2 Ne4 31. Nxe4 dxe4 32. Bc4+ Kf8 33. Bd5 Ne7 34. Bxe4 g6 35. Bc5 Kf7 36. Kf2 Ke6 37. Ke3 Nd5+ 38. Kd4 Nf6 39. Bf3 h5 40. Kc4 Kf5 41. Bg2 Be6+ 42. Kd4 Bxa2 43. Bf1 Bb1 44. Bxa6 Kg4 45. Be7 Nd7 46. Bf1 Kf3 47. Bh3 Bf5 48. Bxf5 gxf5 49. Kd5 Nb6+ 50. Ke5 Kg4 51. Bh4 Nc4+ 52. Kf6 Ne3 53. Kg6 Kh3 1/2-1/2